000 01116nam a2200265 a 4500
005 20210223122506.0
008 991125s1999 es 000 0 spa u
020 _a8448123476
035 _aUPN01000036444
049 _aCG
050 4 _aQA76.73 J3.8
_bJ4.5
100 1 _aJensen, Cary
245 1 0 _aManual de Oracle JDeveloper :
_bversión 1.1 /
_cCary Jensen, An Loy Anderson, Blake Stone.
260 _aMadrid :
_bMcGraw Hill Interamericana :
_bOracle Press,
_c1999.
300 _axxiv, 585 p. :
_bil. +
_e1 CD-ROM
440 0 _aOracle.
_pBases de datos.
_pProgramación Java
505 8 _aContenido del CD-ROM: Documentación Oracle -- Versión de prueba de Oracle JDeveloper 1.1 -- Versión Beta de Oracle JDeveloper 2.0 -- Oracle Help for Java"
500 _aSolicita el CD-ROM en: Departamento de Documentación
534 _pTraducción de:
_tOracle JDeveloper
650 4 _aPROGRAMAS DE APLICACION PARA COMPUTADORAS -
_xDESARROLLO
_97533
650 4 _aJAVA (LENGUAJE DE PROGRAMACION PARA COMPUTADORA)
_97523
700 1 _aAnderson, An Loy,
_ecoaut.
700 1 _aStone, Blake,
_ecoaut.
905 _aLibro
999 _c36444
_d36444